| 000 | 00576nam a2200181Ia 4500 | ||
|---|---|---|---|
| 008 | 090123s9999 xx 000 0 und d | ||
| 082 | _b43359 | ||
| 100 | _aचिदंबरम . पी | ||
| 245 | _aअल्पित दृष्टिकोनातून | ||
| 250 | _a1 | ||
| 260 | _c2008 | ||
| 300 | _a332 | ||
| 600 | _aचिदंबरम . पी | ||
| 630 | _aअल्पित दृष्टिकोनातून | ||
| 700 | _aचिदंबरम . पी | ||
| 730 | _aअल्पित दृष्टिकोनातून | ||
| 942 | _cBOOK | ||
| 999 |
_c81482 _d81482 |
||